000 01122nam0a2200313 4500
001 RU\NLR\BIBL_A\022702126
005 20260409003116.0
010 _a978-5-04-212669-7
_92000
035 _a(NLR Aleph) 022702126
090 _a13649762
_c13649762
100 _a20260116d2025 u y0rusy50 ca
101 0 _arus
102 _aRU
105 _aa j 000yy
181 0 _ai3
_baxxe
182 0 _an
200 1 _aШахматная блокада
_fАрон Нимцович
203 _aТекст
_bвизуальный
_cнепосредственный
210 _aМосква
_cЭксмо, Бомбора
_cФедерация шахмат России (ФШР)
_d2025
215 _a77 с.
_cил.
_d22
225 1 _aКлассические шахматные учебники
333 _a12+
606 1 _aБлокада (шахм.)
_92700559
_3RU\NLR\AUTH\6601767510
686 1 _aЧ515.811.1
700 1 _7ca
_8rus
_aНимцович
_bА. И.
_f1886-1935
_gАрон Исаевич
_9152357
_3RU\NLR\AUTH\770152395
942 _cBOOK
980 _aNB